000 00358nam a2200121Ia 4500
001 IA_4443,08/10/2007,31/08/2011,0000001985 mx A 0000000000spa00,"
002 14)
008 220117s xx 000 0 und d
010 _a183869
090 _aFolleto 2361
100 _aDávalos Gonzalez
_9155893
650 _aFresa
_xCultivo
_9127512
999 _c183869
_d183869